Logo BPK

Biblioteka

Politechniki Koszalińskiej

Kompatybilność elektromagnetyczna : (Rekord nr 37339)

Szczegóły MARC
000 -ETYKIETA REKORDU
podpole kontrolne o stałej długości 01218nam a2200277 i 4500
001 - NUMER KONTROLNY REKORDU
pole kontrolne bg
020 ## - MIĘDZYNARODOWY ZNORMALIZOWANY NUMER KSIĄŻKI - ISBN
ISBN 8320424313 (t. 4)
020 ## - MIĘDZYNARODOWY ZNORMALIZOWANY NUMER KSIĄŻKI - ISBN
ISBN 8320424275 (całość)
040 ## - ŹRÓDŁO KATALOGOWANIA
Instytucja, która utworzyła rekord BPK
041 1# - KOD JĘZYKA
Kod języka tekstu pl
Kod języka oryginału fr
080 ## - UNIWERSALNA KLASYFIKACJA DZIESIĘTNA - UKD
UKD 621.382:621.391:537.8](083.1)
920 ## - Międzynarodowy znormalizowany numer książki – ISBN
ISBN 83-204-2431-3 (t. 4)
920 ## - Międzynarodowy znormalizowany numer książki – ISBN
ISBN 83-204-2427-5 (całość)
008 - POLE O STAŁEJ DŁUGOŚCI - DANE KONTROLNE
podpole kontrolne o stałej długości s pl f |000 0 pol
100 1# - NAZWA OSOBOWA
Nazwa osobowa CHAROY, Alain
245 10 - TYTUŁ/ODPOWIEDZIALNOŚĆ
Tytuł Kompatybilność elektromagnetyczna :
Ciąg dalszy tytułu zakłócenia w urządzeniach elektronicznych.
Oznaczenie części/sekcji dzieła T. 4,
Tytuł części/sekcji dzieła Zasilanie, ochrona odgromowa, środki zaradcze, zasady i porady instalacyjne /
Pozostałe elementy strefy tytułu i oznaczenia odpowiedzialności Alain Charoy ; z fr. przeł. Zbigniew Pochanke.
246 18 - WARIANT TYTUŁU
Tytuł Zakłócenia w urządzeniach elektronicznych
260 ## - STREFA ADRESU WYDAWNICZEGO
Miejsce wydania Warszawa :
Nazwa wydawcy/dystrybutora Wydawnictwa Naukowo-Techniczne,
Data publikacji, dystrybucji/powstania dokumentu 2000.
300 ## - STREFA OPISU FIZYCZNEGO
Objętość 233, [3] s. :
Inne cechy fizyczne il. ;
Rozmiary 24 cm.
500 ## - UWAGI OGÓLNE
Tekst uwagi Tyt. oryg.: "Compatibilité électromagnétique : parasites et perturbations des électroniques". 4, Alimentation, foudre et remègles et conseils d'installation, 1995. - Tyt. grzbiet.: Zakłócenia w urządzeniach elektronicznych.
504 ## - UWAGA DOTYCZĄCA BIBLIOGRAFII
Informacje o bibliografii Bibliogr.
650 #9 - HASŁO PRZEDMIOTOWE W FORMIE NAZWY OGÓLNEJ LUB JEDNOSTKOWEJ
Nazwa ogólna lub geograficzna Elektronika
Określnik ogólny urządzenia
-- fizyka
650 #9 - HASŁO PRZEDMIOTOWE W FORMIE NAZWY OGÓLNEJ LUB JEDNOSTKOWEJ
Nazwa ogólna lub geograficzna Zakłócenia radioelektryczne
655 ## - TERMIN INDEKSOWY - OKREŚLENIE RODZAJU/FORMY DOKUMENTU
Określenie rodzaju/formy dokumentu Poradniki
942 ## - DODATKOWE ELEMENTY (KOHA)
Typ dokumentu Książka
Egzemplarze
Wycofany Status egzemplarza Uszkodzony Dostępność Lokalizacja stała Lokalizacja bieżąca Miejsce przechowywania Sygnatura Kod kreskowy Dział Typ dokumentu
      Tylko na miejscu Biblioteka Politechniki Koszalińskiej Biblioteka Politechniki Koszalińskiej Czytelnia BG 53399 01497496 621.38 Elektronika Książka
© 2023 Biblioteka Politechniki Koszalińskiej :: KOHA